Odpowiedź zaczyna się na "A" - Statystyki

Ogólne statystyki
  • Ten quiz został rozwiązany 77 096 razy
    73 464 od ostatniego zresetowania
  • Średni wynik to 15 z 25
Statystyki odpowiedzi
Pytanie Odpowiedź % Poprawnych
Jak nazywa się największy kontynent na Ziemi? Azja
98%
Jak miał na imię partner Ewy w Biblii? Adam
97%
Jaką nazwę nosi stolica Holandii? Amsterdam
92%
Jak nazywali się uczniowie Jezusa? Apostołowie
86%
Jak nazywa się kraj, którego stolicą jest Buenos Aires? Argentyna
85%
Jak nazywa się bliski krewny krokodyla? Aligator
84%
Jak nazywa się długi wąż dusiciel spotykany między innymi w lasach tropikalnych Ameryki Południowej? Anakonda
84%
Jak ogólnie się określa filmy animowane pochodzące z Japonii? Anime
84%
Jaką nazwę nosi najdłuższa rzeka Ameryki Południowej? Amazonka
81%
Jak nazywa się grecki bóg wojny? Ares
78%
Jak potocznie można nazwać niepodpisany list? Anonim
74%
Jaką nazwę nosi państwo azjatyckie graniczące z Azerbejdżanem? Armenia
73%
Jak nazywa się najbardziej wysunięty na północ stan, Stanów Zjednoczonych? Alaska
70%
Jak ma na imię aktor który grał między innmymi w "Predatorze" i "Terminatorze"? Arnold
56%
Jak nazywa się pasmo górskie w których znajduje się szczyt Aconcagua? Andy
55%
Jak nazywa się zespół z Australii, którego nazwę można tłumaczyć jako "Prąd Zmienny/Prąd Stały"? AC/DC
51%
Jak nazywa się pierwiastek nazywany również "glin"? Aluminium
51%
Jak nazywa się grupa organicznych związków chemicznych zawierających zasadową grupę aminową oraz zasadniczo kwasową grupę karboksylową? Aminokwasy
48%
Inaczej makieta, lub przedmiot służący do oszukania obserwatora, imitacja. Atrapa
45%
Jaką nazwę nosił kraj na czele którego stał Franciszek Ferdynand Habsburg? Austro-Węgry
45%
Jak określa się stan znacznie zmniejszonej wrażliwości na bodźce emocjonalne i fizyczne? Apatia
36%
Jaką nazwę nosiła amerykańska korporacja produkująca konsole do gier video i komputerów? Atari
27%
Jaką nazwę nosi rock'owy zespół z Bostonu na czele którego stoi Steven Tyler? Aerosmith
22%
Jak nazywa się punkt na powierzchni Ziemi, który w stosunku do określonego punktu jest położony dokładnie po drugiej stronie planety? Antypod
14%
Gdzie miała miejsce bitwa znana jako "Battle of the Bulge" (Bitwa o wybrzuszenie)? Ardeny
10%
Nie znaleziono quizów pasujących do podanych kryteriów
Rozkład punktacji
Procent ludzi z każdym wynikiem
Percentyl według liczby udzielonych odpowiedzi
Twoja historia wyników
Nie rozwiązałeś tego quizu od ostatniego zresetowania